| 000 | | | 03807nmc2a22000003x 450 |
| 001 | | | 97464f7a-9f29-4c11-a4fc-53d1c630bf5e |
| 005 | | | 20180227175005.0 |
| 100 | ## | $a | 20160906l18461846k l0rusy0189 ca |
| 101 | 0# | $a | rus |
| 102 | ## | $a | RU |
| 200 | 1# | $a | Дело по отношению господина министра финансов о доставлении заключения о том, можно ли отпущенных на волю от господина Казимирова дворовых людей Сиротиных причислить в городское сословие с раздроблением семейства в разные города |
| | $j | 7 октября - 17 декабря 1846 г. |
| 251 | ## | $c | Дело |
| 300 | ## | $a | Дело |
| 801 | #0 | $a | RU |
| | $b | РГИА |
| | $c | 20160906 |
| | $g | RCR |
| 801 | #1 | $a | RU |
| | $b | ГлавНИВЦ |
| | $c | 20160906 |
| | $2 | rusmarc |
| 801 | #2 | $a | RU |
| | $b | ПБ им. Б.Н. Ельцина |
| | $c | 20180227 |
| | $g | RCR |
| | $2 | rusmarc |
| 850 | ## | $a | РГИА |
| 852 | ## | $a | РГИА |
| | $e | Федеральное казенное учреждение "Российский государственный исторический архив" (РГИА) |
| | $j | 1400 |
| 937 | ## | $h | РГИА |
| | $d | 12207760 |
| | $a | ASBIBLIO_SCAN |
| 462 | #0 | $1 | 001a27eaba9-7cb9-40a7-a26f-8911768d1c13 |
| | $1 | 2001 |
| | $a | 1846-1847 гг. Дела Департамента полиции исполнительной за 1846 г. |
| | $1 | 251 |
| | $c | Опись |
| | $1 | 852 |
| | $j | 10 |
| 461 | #0 | $1 | 0013e300ed0-cd39-49af-8489-5ba5b90fa401 |
| | $1 | 2001 |
| | $a | Департамент полиции исполнительной МВД |
| | $1 | 251 |
| | $c | Фонд |
| | $1 | 852 |
| | $j | 1286 |
| 215 | ## | $a | 5 л. |
| | $d | 36,5х26 см |
| 371 | ## | $a | Документ не является опубликованным и широко распространяемым |
| 105 | ## | $a | y### |
| 122 | 2# | $a | d |
| 035 | ## | $a | 97464f7a-9f29-4c11-a4fc-53d1c630bf5e |
| 856 | ## | $u | http://readingroom.main.prlib.ru/item.aspx?id_node=n113847319&mode=full |